000 01046nam a2200313Ia 4500
005 20220317000411.0
008 141031s9999 ck 000 0 spa d
020 _a9788478448166
100 1 _aGaarder, Jostein,
_d1952-
245 1 3 _aLa joven de las naranjas
_cJostein Gaarder ; traducción del noruego de Kirsti Baggethun y Asunción Lorenzo
250 _a6a edición
300 _a163 páginas
_bilustraciones en color
_c23 cm.
490 _aBiblioteca Garden
500 _aContiene datos biográficos del autor en la solapa
534 _tApelsinpiken
650 1 3 _2LEMB
_aNovela noruega
650 1 3 _2LEMB
_aMuerte
_vNovela
650 1 3 _2LEMB
_aVida
_vNovela
650 1 3 _2LEMB
_aNovela amorosa
700 1 _aBaggethun, Kirsti
_etraductor
_914831
700 1 _aLorenzo, Asunción
_etraductor
_914832
942 _2loc
_cBKLIT
264 _aMadrid
_bSiruela
_c2010
336 _atexto
_btxt
_2rdacontent
337 _asin mediación
_bn
_2rdamedia
338 _avolumen
_bnc
_2rdacarrier
040 _aCO-BoRNBP
_bspa
_erda
_cCO-BoRNBP
084 _aN GAA1
999 _c3938
_d3938